AN (XVIIe législature) - Députés LIOT (niveau 1) - Statistiques

Statistiques générales
  • Ce quiz a été pris 2 fois
  • Le résultat moyen est 11 sur 22
Statistiques - réponses
Par images Réponse % Correct
Laurent Mazaury (Yvelines 11e)
100%
Audrey Abadi-Amiel (Ariège 2e)
50%
Charles de Courson (Marne 5e)
50%
Christophe Naegelen (Vosges 3e)
50%
Constance de Pélichy (Loiret 3e)
50%
David Habib (Pyrénées-Atlantiques 3e)
50%
David Taupiac (Gers 2e)
50%
Estelle Youssouffa (Mayotte 1e)
50%
Harold Huwart (Eure-et-Loir 3e)
50%
Jean-Pierre Bataille (Nord 15e)
50%
Joël Bruneau (Calvados 1e)
50%
Max Mathiasin (Guadeloupe 3e)
50%
Michel Castellani (Haute-Corse 1e)
50%
Nicole Sanquer (Polynésie Française 2e)
50%
Olivier Serva (Guadeloupe 1e)
50%
Paul-André Colombani (Corse-du-Sud 2e)
50%
Paul Molac (Morbihan 4e)
50%
Stéphane Lenormand (Saint-Pierre-et-Miquelon 1e)
50%
Stéphane Viry (Vosges 1e)
50%
Valérie Létard (Nord 21e)
50%
Yannick Favennec-Bécot (Mayenne 3e)
50%
Jean-Luc Warsmann (Ardennes 3e)
0%
Aucun quiz correspondant
Distribution des résultats
% des personnes avec chaque résultat
Percentile par nombre de réponses
Votre historique - résultats
Vous n’avez pas pris ce quiz